PRACTICAL BIOCHEMISTRY (Record no. 26437)

MARC details
000 -LEADER
fixed length control field 00382nam a22001697a 4500
003 - CONTROL NUMBER IDENTIFIER
control field SGT
020 ## - INTERNATIONAL STANDARD BOOK NUMBER
International Standard Book Number 9789354660221
082 ## - DEWEY DECIMAL CLASSIFICATION NUMBER
Classification number 612.015
Item number P23G
100 ## - MAIN ENTRY--PERSONAL NAME
Personal name GUPTA, R .C
245 ## - TITLE STATEMENT
Title PRACTICAL BIOCHEMISTRY
250 ## - EDITION STATEMENT
Edition statement 6TH
260 ## - PUBLICATION, DISTRIBUTION, ETC. (IMPRINT)
Place of publication, distribution, etc NEW DELHI
Name of publisher, distributor, etc CBS PUBLISHER
Year of Publication 2023
300 ## - PAGE DESCRIPTION
No. of Pages 256
650 ## - SUBJECT ADDED ENTRY--TOPICAL TERM
Topical term or geographic name as entry element BIOCHEMISTRY
653 ## - KEYWORDS--INDEX TERM
Keyword term PRACTICAL, BIOCHEMISTRY
942 ## - ADDED ENTRY ELEMENTS (KOHA)
Source of classification or shelving scheme Dewey Decimal Classification
Koha item type Books
942 ## - ADDED ENTRY ELEMENTS (KOHA)
-- 1
Holdings
Withdrawn status Lost status Source of classification or shelving scheme Damaged status Not for loan Collection code Home library Current library Shelving location Date acquired Vendor Name Cost, normal purchase price SGTU Bill Number Total Checkouts Full call number Accession No. (Barcode) Date last seen Date last borrowed Bill Date Koha item type Use restrictions
    Dewey Decimal Classification     PHARMACY SGT FA-FP Library SGT FA-FP Library Text Book 28/05/2024 AHUJA PUBLICATION 310.00 SGTU 18906 1 612.015 P23G FP4762 08/07/2025 06/09/2024 08/05/2024 Books  
    Dewey Decimal Classification     PHARMACY SGT FA-FP Library SGT FA-FP Library Reference Book 28/05/2024 AHUJA PUBLICATION 310.00 SGTU 18906   612.015 P23G FP4763 28/05/2024   08/05/2024 Books Restricted Access
    Dewey Decimal Classification     PHARMACY SGT FA-FP Library SGT FA-FP Library Text Book 28/05/2024 AHUJA PUBLICATION 310.00 SGTU 18906   612.015 P23G FP4764 28/05/2024   08/05/2024 Books